Welcome to the Holygrace Academy Library

Please use search bar below to get started

366 MATHS PLUS IDEAS (Record no. 1244)

MARC details
000 -LEADER
fixed length control field 00357nam a22001337a 4500
020 ## - INTERNATIONAL STANDARD BOOK NUMBER
ISBN 81-250-2076-4
082 ## - DEWEY DECIMAL CLASSIFICATION NUMBER
Classification number 510
Item number FLA/T
100 ## - MAIN ENTRY--AUTHOR NAME
Personal name FLATT JOHN
245 ## - TITLE STATEMENT
Title 366 MATHS PLUS IDEAS
Remainder of title PRACTICAL PROBLEM SOLVERS FOR EVERY DAY OF THE YEAR
260 ## - PUBLICATION, DISTRIBUTION, ETC. (IMPRINT)
Place of publication DELHI
Name of publisher ORIENT LONGMAN LIMITED
Year of publication 1999
300 ## - PHYSICAL DESCRIPTION
Number of Pages 188
650 ## - SUBJECT ADDED ENTRY--TOPICAL TERM
Topical Term MATHS REFERENCE
Geographic subdivision INDIA
942 ## - ADDED ENTRY ELEMENTS (KOHA)
Koha item type Books
Holdings
Withdrawn status Lost status Collection code Home library Current library Shelving location Date acquired Source of acquisition Full call number Accession Number Koha item type
    Reference Main Library Main Library SHELF-5 A REFERENCE MATHS 10/03/2006 purchase 510 FLA/T 02259 Books